Datum a čas kvízu
23.5
Celkem bodů
Celkový počet nahraných bodů na tomto kvízu bez doplňovacích otázek.
8.
Pořadí na kvízu
Konečné umístění týmu na tomto kvízu.
Zaznamenané odpovědi
| # | Otázka | Odpověď | Body | Výsledky |
|---|---|---|---|---|
| 1. | V pátek bylo překlenuto Labe p... | Pardubice | 0 | |
| 2. | Elon Musk si mimo jiné dal za... | vlastním spermatem | 0 | |
| 3. | V pátek 12. 7. 2024 vydal Emin... | 12. album | 1 | |
| 4. | Čínské úřady tento týden přist... | A) hadů | 1 | |
| 5. | Kolikátý mečbol proměnila Barb... | 3. mečbol | 1 | |
| 6. | Které tvrzení o starokladrubsk... | B | 0 | |
| 7. | Ze kterého prostředí pochází k... | A | 1 | |
| 8. | Kterým jedenáctipísmenným slov... | hipoterapie | 0 | |
| 9. | Kam byste správně koni umístil... | A | 1 | |
| 10. | Koně jsou s člověkem spojení j... | Moravskoslezský kraj | 0 |